| 000 | 00522cam a2200193ua 4500 | ||
|---|---|---|---|
| 001 | 11374 | ||
| 005 | 20260515114738.0 | ||
| 008 | 190917n xxk |||gr||||Z||||||eng | ||
| 020 | _a9780349106717 | ||
| 040 | _cMAIN | ||
| 082 | _a909 | ||
| 100 |
_aEric Hobsbawm . , _eAuthor., |
||
| 245 |
_aThe age of extremes : _bthe short twentieth century 1914-1991 / _cBy Eric Hobsbawm . |
||
| 260 |
_aLodon: _bAbacus, _c1995. |
||
| 300 | _a627p. | ||
| 653 | _aWorld history | ||
| 653 | _aTwentieth century history | ||
| 942 | _cBK | ||
| 999 |
_c10205 _d10205 |
||